Les étapes de la langue francaise

Сохранить в:
Библиографические подробности
Главный автор: Dauzat, Albert
Формат:
Язык:Undetermined
Опубликовано: París, Francia Presses Universitaires de France 1956
Редактирование:4
Предметы:
Метки: Добавить метку
Нет меток, Требуется 1-ая метка записи!

MARC

LEADER 00000nam a2200000Ia 4500
008 170316s9999 xx 000 0 und d
090 |a 410 D-1e 
100 |a Dauzat, Albert 
245 |a Les étapes de la langue francaise 
250 |a 4 
260 |a París, Francia 
260 |b Presses Universitaires de France 
260 |c 1956 
300 |a 134 páginas 
650 |a LINGÜÍSTICA 
999 |c 18341  |d 18341 
040 |a cru BVZT 
942 |c 15 D  |h 410 D-1e  |2 z